Prvý outsourcing: Ide o pragmatické rozhodnutie

Outsourcing logistických služieb. Možnosť zvýšenia trhového podielu. Redukcia distribučnej siete. Koncentrácia firmy na core-business.

Na minha lista:
Detalhes bibliográficos
Autor principal: Novotný, Jiří
Formato: Capítulo de Livro
Idioma:eslovaco
Assuntos:
Tags: Adicionar Tag
Sem tags, seja o primeiro a adicionar uma tag!

MARC

LEADER 00000naa a2200000 4500
001 0193551
005 20231011073637.2
041 0 |a slo 
044 |a CZ 
245 1 0 |a Prvý outsourcing: Ide o pragmatické rozhodnutie  |c Jiří Novotný 
520 |a Outsourcing logistických služieb. Možnosť zvýšenia trhového podielu. Redukcia distribučnej siete. Koncentrácia firmy na core-business. 
610 2 0 |a outsourcing 
610 2 0 |a logistika 
610 2 0 |a služby logistické 
610 2 0 |a firmy 
100 1 |a Novotný, Jiří